| 000 | 00904nac a22002657a 4500 | ||
|---|---|---|---|
| 001 | BR9901434 | ||
| 003 | BR-BrBNA | ||
| 005 | 20240105122158.0 | ||
| 008 | 230509b bl.|||m| |||| 00| 0 por d | ||
| 040 |
_aBR-BrBNA _bpor _cBiblioteca Nacional de Agricultura |
||
| 072 | _aF30 | ||
| 090 | _a1953 BR9901434 | ||
| 100 | 1 | _aCrochemore, M.L. | |
| 110 | 1 | _aFundacao Instituto Agronomico do Parana, Londrina (Brasil) | |
| 245 | 1 | _aVariabilidade genetica da alfafa; marcadores agromorfologicos e moleculares | |
| 260 | 3 |
_aLondrina, PR (Brasil): _c1998. |
|
| 300 | _a59 p. | ||
| 490 |
_aBoletim Tecnico - Fundacao Instituto Agronomico do Parana (Brazil) _vno. 58 _xISSN 0100-3054 |
||
| 500 | _aSummaries (En, Pt); Bibliography p. 49-59; 9 illus. | ||
| 650 | _aAlfafa | ||
| 650 | _aVariedade | ||
| 650 | _aIntercruzamento | ||
| 909 |
_a202312 _bLúcia Elande _c55 _dLúcia Elande |
||
| 942 |
_2AGRIS _n0 _cMS |
||
| 999 |
_c289648 _d289648 |
||